00232nam a2200097Ia 4500100001500000654001700015245004200032260003300074082001500107546001200122 aCrabb Don  aRunning Unix aRunning Unix : So it doesnt run you bZiff.DavisaCaliforniac1993 a005.13 'U' aENGLISH